000 00428nam a2200157 i 4500
001 bg
100 1 _aJanecki, Janusz
_d(1928- ).
245 0 _aZużycie części i zespołów pojazdów samochodowych /
_cJ. Janecki, S. Gołąbek.
250 _aWyd.4 zmien. i popr.
260 _aWarszawa,
_c1984.
700 1 _aGołąbek, Stefan.
040 _cBPK
041 _apol
942 _cKS
008 s pl f |000 0 pol
999 _c1095
_d1095
856 _uhttp://koha.tu.koszalin.pl/cgi-bin/koha/opac-detail.pl?biblionumber=1095
_yKatalog online BPK